Best NFL Quarterbacks of all time - Statistics

General Stats
  • This quiz has been taken 179 times
  • The average score is 17 of 25
Answer Stats
Hint Answer % Correct
Patriots/Buccaneers Tom Brady
100%
Colts/Broncos Peyton Manning
97%
Dolphins Dan Marino
93%
Saints Drew Brees
93%
Broncos John Elway
90%
Chiefs/49ers Joe Montana
89%
Packers/Jets/Vikings Brett Favre
87%
Packers/Jets/ so far Aaron Rodgers
83%
Chiefs Patrick Mahomes
79%
Steelers Ben Roethlisberger
78%
49ers Steve Young
72%
Cowboys Troy Aikman
68%
Packers Bart Starr
63%
Giants Eli Manning
63%
Chargers Philip Rivers
62%
Houston Oilers Warren Moon
60%
Colts Johnny Unitas
59%
Rams/Cardinals Kurt Warner
58%
Steelers Terry Bradshaw
57%
Bills Jim Kelly
56%
Cowboys Roger Staubach
53%
Vikings/Giants Fran Tarkenton
42%
Browns Otto Graham
39%
Chargers Dan Fouts
30%
Redskins/Commanders Sammy Baugh
19%
No matching quizzes found
Score Distribution
Percent of People with Each Score
Percentile by Number Answered
Your Score History
You have not taken this quiz